[Event "Tournoi Skype 021B"]
[Site "Skype"]
[Date "????.??.??"]
[Round "1.1"]
[White "Porcabeuf, Jean-Marc"]
[Black "Couto, Januario"]
[Result "0-1"]
[WhiteElo "1270"]
[BlackElo "1485"]
[PlyCount "141"]

1. d4 d5 2. e3 Nf6 3. Bd3 e6 4. Nf3 Nbd7 5. c3 c5 6. Bc2 b6 7. O-O Bd6 8. Re1
O-O 9. Nbd2 Qc7 10. e4 dxe4 11. Nxe4 Nxe4 12. Bxe4 Rb8 13. Qc2 Nf6 14. Bd3 Bb7
15. Ne5 cxd4 16. cxd4 Bxe5 17. Rxe5 Qxc2 18. Bxc2 Rbc8 19. Bb3 Bd5 20. Bxd5
Nxd5 21. Bd2 Rc2 22. Bc3 Nxc3 23. bxc3 Rxc3 24. Rd1 Rfc8 25. g3 Rc1 26. Rxc1
Rxc1+ 27. Kg2 Rd1 28. d5 Rxd5 29. Re3 g6 30. Rc3 Rd8 31. Rc7 Ra8 32. Rb7 e5 33.
Kf3 f5 34. Ke3 g5 35. f3 h5 36. Re7 f4+ 37. Ke4 fxg3 38. hxg3 h4 39. gxh4 gxh4
40. Rxe5 h3 41. Rh5 Re8+ 42. Kf4 Re2 43. Rxh3 Rxa2 44. Ke5 Ra3 45. Rg3+ Kf7 46.
Ke4 b5 47. Rg5 Ra4+ 48. Ke3 Ra3+ 49. Ke4 b4 50. f4 b3 51. Rg1 Ra6 52. Rb1 Rb6
53. Kd4 a5 54. Kc3 Rc6+ 55. Kb2 a4 56. Ka3 Rc4 57. Kb2 Rxf4 58. Ka3 Kf6 59. Kb2
Ke5 60. Ka3 Kd5 61. Rb2 Kc5 62. Rb1 Kb5 63. Rb2 Rc4 64. Rb1 Rc2 65. Rb2 Rxb2
66. Kxb2 Kb4 67. Kb1 Kc3 68. Ka1 b2+ 69. Kb1 a3 70. Ka2 Kc2 71. Kxa3 0-1

[Event "Tournoi Skype 021B"]
[Site "Skype"]
[Date "????.??.??"]
[Round "1.2"]
[White "Gerbaux, Regis"]
[Black "Codina, Teresa"]
[Result "1-0"]
[WhiteElo "1462"]
[BlackElo "1266"]
[PlyCount "63"]

1. e4 e5 2. Nf3 Nc6 3. Bc4 Bc5 4. O-O Nf6 5. Nc3 O-O 6. d3 d6 7. h3 Bd7 8. Be3
Bb4 9. Bd2 a5 10. a3 Bxc3 11. Bxc3 b6 12. b4 a4 13. Re1 Ne7 14. d4 Ng6 15. dxe5
dxe5 16. Nxe5 Nxe5 17. Bxe5 b5 18. Bd3 Qc8 19. Bxf6 gxf6 20. c4 bxc4 21. Bxc4
Be6 22. Bb5 c5 23. Bxa4 cxb4 24. Rc1 Qa6 25. Bc6 Rfc8 26. Bxa8 Rxc1 27. Qxc1
Qxa3 28. Qxa3 bxa3 29. Ra1 a2 30. Bd5 h5 31. Rxa2 Kg7 32. Ra7 1-0

[Event "Tournoi Skype 021B"]
[Site "Skype"]
[Date "????.??.??"]
[Round "1.3"]
[White "Hernandez Lopez, Joaquin"]
[Black "Hargez, Dany"]
[Result "1/2-1/2"]
[WhiteElo "1263"]
[BlackElo "1460"]
[PlyCount "99"]

1. Nf3 d5 2. d4 Bf5 3. Bf4 Nf6 4. e3 Be4 5. Nbd2 e6 6. h3 Bd6 7. Ne5 Nbd7 8.
Nxe4 dxe4 9. Bg5 c5 10. Nxd7 Qxd7 11. Bxf6 gxf6 12. dxc5 Bxc5 13. Qxd7+ Kxd7
14. O-O-O+ Ke7 15. Bb5 a6 16. Rd7+ Kf8 17. Be2 b5 18. Rhd1 Kg7 19. h4 h5 20.
Rc7 Bb6 21. Rb7 Rab8 22. Rxb8 Rxb8 23. Bxh5 Rh8 24. g4 f5 25. Rg1 Kf8 26. Rd1
fxg4 27. Bxg4 Rxh4 28. Be2 f5 29. Rd6 Rh1+ 30. Rd1 Rxd1+ 31. Bxd1 e5 32. Be2 f4
33. exf4 exf4 34. f3 e3 35. b3 Ke7 36. Kb2 Kd6 37. Kc3 Kc5 38. b4+ Kc6 39. Kb3
a5 40. a4 axb4 41. axb5+ Kc5 42. c3 Ba5 43. cxb4+ Bxb4 44. Kc2 Ba5 45. Kb3 Bb4
46. Bd3 Kd4 47. Kc2 Bc5 48. Be2 Bb6 49. Kb3 Kc5 50. Kc2 1/2-1/2

[Event "Tournoi Skype 021B"]
[Site "Skype"]
[Date "????.??.??"]
[Round "1.4"]
[White "Junqueira, Leonardo De Faria"]
[Black "Amato, Ludovica"]
[Result "1/2-1/2"]
[WhiteElo "1453"]
[BlackElo "1261"]
[PlyCount "57"]

1. e4 e5 2. d4 exd4 3. c3 dxc3 4. Nxc3 Nc6 5. Bc4 Nf6 6. Nf3 d6 7. O-O Be7 8.
Bf4 O-O 9. e5 dxe5 10. Nxe5 Nxe5 11. Bxe5 Qxd1 12. Raxd1 Bf5 13. Bd3 Bxd3 14.
Rxd3 c6 15. Rfd1 Rad8 16. Bc7 Rxd3 17. Rxd3 Re8 18. Kf1 h6 19. h3 Bc5 20. Na4
Bb4 21. Nc3 Nd5 22. Bg3 Nxc3 23. bxc3 Ba5 24. f3 Kh7 25. c4 Rd8 26. Ra3 Bb6 27.
Ke2 Rd4 28. Rc3 Ba5 29. Rc2 1/2-1/2

[Event "Tournoi Skype 021B"]
[Site "Skype"]
[Date "????.??.??"]
[Round "1.5"]
[White "Douichi, Mohammed"]
[Black "Munoz Gonzalez, Martin"]
[Result "1-0"]
[WhiteElo "1255"]
[BlackElo "1451"]
[PlyCount "29"]

1. e4 g6 2. d4 Bg7 3. Bc4 d6 4. Nf3 Nf6 5. Nbd2 O-O 6. O-O e6 7. d5 exd5 8.
exd5 Nbd7 9. Re1 Nb6 10. Bb3 Nbxd5 11. Bxd5 Nxd5 12. Ne4 Nb6 13. Bg5 Bf6 14.
Bxf6 Qxf6 15. Nxf6+ 1-0

[Event "Tournoi Skype 021B"]
[Site "Skype"]
[Date "????.??.??"]
[Round "1.6"]
[White "Malbec, Robert"]
[Black "Sanchez Padilla, Armando Edilber"]
[Result "1-0"]
[WhiteElo "1449"]
[BlackElo "1240"]
[PlyCount "107"]

1. e4 e5 2. Nf3 Nc6 3. Bc4 Bc5 4. c3 Nf6 5. d4 Be7 6. Nbd2 d5 7. exd5 Nxd5 8.
Nxe5 Nxe5 9. dxe5 Nf4 10. Qf3 Bg5 11. Ne4 h6 12. Bxf4 O-O 13. Bxg5 hxg5 14. Qh5
Qe7 15. Qxg5 Re8 16. Qxe7 Rxe7 17. f4 b6 18. O-O-O Bb7 19. Bd3 f5 20. exf6 gxf6
21. Rhe1 Re6 22. g3 f5 23. Ng5 Rxe1 24. Rxe1 Rf8 25. Re5 Bc8 26. Ne6 Rf6 27.
Bxf5 c5 28. Rd5 Bxe6 29. Bxe6+ Rxe6 30. Rd2 b5 31. Kc2 a5 32. a3 c4 33. b3 Re1
34. bxc4 bxc4 35. Rd4 Re2+ 36. Rd2 Rxd2+ 37. Kxd2 Kf7 38. Ke3 Kf6 39. Kd4 Kf5
40. Kxc4 Kg4 41. Kb5 Kf5 42. c4 Kg4 43. c5 Kf5 44. c6 Kg4 45. c7 Kf5 46. c8=Q+
Ke4 47. Qe6+ Kf3 48. Kc4 Kg2 49. f5 Kxh2 50. f6 Kxg3 51. f7 Kf4 52. f8=Q+ Kg5
53. Qg7+ Kh4 54. Qeh6# 1-0

[Event "Tournoi Skype 021B"]
[Site "Skype"]
[Date "????.??.??"]
[Round "1.7"]
[White "Homme, Jim"]
[Black "Kruzeniski, Randy"]
[Result "0-1"]
[WhiteElo "1238"]
[BlackElo "1435"]
[PlyCount "40"]

1. d4 d5 2. Bf4 Nf6 3. Nf3 e6 4. e3 Bd6 5. Bxd6 Qxd6 6. Bd3 c5 7. c3 c4 8. Be2
b5 9. Nbd2 a5 10. a4 b4 11. cxb4 axb4 12. b3 c3 13. Bb5+ Bd7 14. Bxd7+ Nbxd7
15. Nf1 O-O 16. Ng3 e5 17. e4 dxe4 18. dxe5 Qxd1+ 19. Rxd1 exf3 20. Rxd7 Nxd7
0-1

[Event "Tournoi Skype 021B"]
[Site "Skype"]
[Date "????.??.??"]
[Round "1.8"]
[White "Galani, Mahendra"]
[Black "Ram, Madhukesh"]
[Result "1-0"]
[WhiteElo "1433"]
[BlackElo "1237"]
[PlyCount "77"]

1. c3 c5 2. d4 Na6 3. Be3 Qb6 4. Qd2 Nf6 5. Nf3 d6 6. Na3 Be6 7. b3 g6 8. Nc4
Bxc4 9. bxc4 Bg7 10. Qc2 Ng4 11. Rb1 Qc6 12. Bd2 O-O 13. e3 e5 14. dxc5 Nxc5
15. Be2 Ne4 16. O-O Nxd2 17. Nxd2 Rae8 18. Bxg4 e4 19. Rfe1 d5 20. cxd5 Qxd5
21. c4 Qc6 22. f3 f5 23. Bh3 b6 24. fxe4 fxe4 25. Qb3 Qf6 26. c5+ Rf7 27. Rf1
Qe7 28. cxb6 Be5 29. Nxe4 Kg7 30. Qxf7+ Qxf7 31. Rxf7+ Kxf7 32. bxa7 Ra8 33.
Rb7+ Ke8 34. Nf6+ Kd8 35. Rd7+ Kc8 36. Re7+ Kd8 37. Re8+ Kc7 38. Rxa8 Bxf6 39.
Rc8+ 1-0

[Event "Tournoi Skype 021B"]
[Site "Skype"]
[Date "????.??.??"]
[Round "1.9"]
[White "Borg, Anthony"]
[Black "De Nobrega, George"]
[Result "0-1"]
[WhiteElo "1222"]
[BlackElo "1420"]
[PlyCount "30"]

1. e4 e5 2. Nf3 d6 3. Nc3 Nf6 4. d4 exd4 5. Nxd4 Bd7 6. Bd3 Nc6 7. Nxc6 Bxc6 8.
O-O Be7 9. Re1 O-O 10. e5 dxe5 11. Rxe5 Qd6 12. Qe2 Rfe8 13. Bf4 Qd7 14. Rd1
Qg4 15. Qe3 Qxg2# 0-1

[Event "Tournoi Skype 021B"]
[Site "Skype"]
[Date "????.??.??"]
[Round "1.10"]
[White "Aceituno, Stebe"]
[Black "Cengiz, Ali Ekber"]
[Result "1-0"]
[WhiteElo "1419"]
[BlackElo "1213"]
[PlyCount "51"]

1. e4 e5 2. Nf3 Nf6 3. Nxe5 d6 4. Nf3 Nxe4 5. d4 d5 6. Bd3 Bf5 7. O-O Bd6 8.
Re1 Nd7 9. Nc3 Bb4 10. a3 Ba5 11. b4 Bb6 12. Nxd5 O-O 13. Bxe4 Bg4 14. Nxb6
cxb6 15. Qd3 Nf6 16. Bg5 g6 17. Ne5 Qd6 18. Bxf6 Bh5 19. g4 Rad8 20. gxh5 Qxf6
21. c3 Qg5+ 22. Qg3 Qxh5 23. Bxb7 f5 24. Qg2 g5 25. Bd5+ Kh8 26. Nf7+ 1-0

[Event "Tournoi Skype 021B"]
[Site "Skype"]
[Date "????.??.??"]
[Round "1.12"]
[White "Ryan, Lea"]
[Black "Moumtaz, Abderrahim"]
[Result "0-1"]
[WhiteElo "1412"]
[BlackElo "1191"]
[PlyCount "44"]

1. e4 e5 2. Nf3 Nc6 3. Bc4 Bc5 4. Nc3 Nf6 5. O-O O-O 6. d3 d6 7. Ng5 Qe7 8. Qf3
Be6 9. Nxe6 fxe6 10. Qg3 Rad8 11. Bh6 Rf7 12. Rae1 Kh8 13. Bxg7+ Rxg7 14. Qh3
Nd4 15. Bxe6 Qxe6 16. Qh6 Rg6 17. Qh4 Qg4 18. Qxg4 Nxg4 19. h3 Nf6 20. Re3 Nxc2
21. Rf3 Nd4 22. Re1 Nxf3+ 0-1

[Event "Tournoi Skype 021B"]
[Site "Skype"]
[Date "????.??.??"]
[Round "1.13"]
[White "Scata, Laura"]
[Black "Martin, Jean-Claude"]
[Result "0-1"]
[WhiteElo "1191"]
[BlackElo "1402"]
[PlyCount "60"]

1. e4 d5 2. exd5 Qxd5 3. Nc3 Qa5 4. d4 Nf6 5. Bd2 c6 6. Bc4 Bf5 7. Nge2 Qb6 8.
Ng3 Bg6 9. Be3 Qxb2 10. Bd2 Bxc2 11. Qc1 Qxc1+ 12. Rxc1 Bg6 13. O-O Nbd7 14.
Bf4 e6 15. Rfe1 Ba3 16. Rcd1 Bb4 17. Re3 Bxc3 18. Rxc3 Nd5 19. Re3 Nxe3 20.
Bxe3 O-O 21. d5 cxd5 22. Bxd5 exd5 23. Rxd5 Nf6 24. Rb5 b6 25. Ne2 Bd3 26. Rb2
Bxe2 27. Rxe2 Rfe8 28. f3 Nd5 29. Kf2 Nc3 30. Bf4 Rxe2+ 0-1

[Event "Tournoi Skype 021B"]
[Site "Skype"]
[Date "????.??.??"]
[Round "1.14"]
[White "Calcino, Luis"]
[Black "Erten, Ozlem"]
[Result "1-0"]
[WhiteElo "1400"]
[BlackElo "1188"]
[PlyCount "29"]

1. d4 d5 2. Bf4 Nc6 3. e3 Nf6 4. Nd2 Bf5 5. Ngf3 e6 6. Ne5 Ne4 7. Bb5 Bb4 8. c3
Bxc3 9. Bxc6+ bxc6 10. bxc3 Nxc3 11. Qb3 Ne4 12. Nxc6 Qd7 13. Ne5 Qe7 14. Qb5+
Kd8 15. Nc6+ 1-0

[Event "Tournoi Skype 021B"]
[Site "Skype"]
[Date "????.??.??"]
[Round "1.15"]
[White "Lecluyse, Koenraad"]
[Black "Maccaferri, Massimo"]
[Result "0-1"]
[WhiteElo "1188"]
[BlackElo "1397"]
[PlyCount "26"]

1. d4 d5 2. Nf3 Nc6 3. Bf4 Bg4 4. e3 f6 5. h3 Bxf3 6. Qxf3 e5 7. Bh2 exd4 8.
exd4 Nxd4 9. Qd3 Bc5 10. c3 Nc6 11. Be2 d4 12. c4 Nb4 13. Qe3+ dxe3 0-1

[Event "Tournoi Skype 021B"]
[Site "Skype"]
[Date "????.??.??"]
[Round "1.16"]
[White "Chavero, Victor"]
[Black "Bacha, Mehdi"]
[Result "1-0"]
[WhiteElo "1396"]
[BlackElo "1177"]
[PlyCount "55"]

1. d4 d5 2. Nf3 e6 3. e3 Nc6 4. Bd3 Bb4+ 5. c3 Bd6 6. O-O Nf6 7. Nbd2 O-O 8. b3
e5 9. dxe5 Nxe5 10. Nxe5 Bxe5 11. Bb2 Bg4 12. Be2 Bxe2 13. Qxe2 Qd6 14. Nf3
Rfe8 15. Rad1 Qe6 16. Qc2 Ne4 17. Nxe5 Qxe5 18. c4 Qg5 19. Rxd5 Qg6 20. f3 Rad8
21. fxe4 Rxd5 22. cxd5 h6 23. Rf3 Qxe4 24. Qc3 Qb1+ 25. Rf1 Qg6 26. Qxc7 Qg5
27. Qxf7+ Kh7 28. Qxe8 1-0

[Event "Tournoi Skype 021B"]
[Site "Skype"]
[Date "????.??.??"]
[Round "1.17"]
[White "Baker, Abi"]
[Black "Vervoort, Jean-Louis"]
[Result "0-1"]
[WhiteElo "1155"]
[BlackElo "1395"]
[PlyCount "60"]

1. c4 c5 2. Nc3 e5 3. g3 d6 4. Bg2 Nc6 5. e3 Nh6 6. Nge2 Be7 7. O-O O-O 8. a3
Bg4 9. f3 Bh5 10. Nd5 Qd7 11. b4 cxb4 12. axb4 a6 13. Nb6 Qc7 14. Nxa8 Rxa8 15.
Nc3 Nxb4 16. f4 Bxd1 17. fxe5 Bh5 18. Ba3 Nc2 19. Nd5 Qd7 20. Nb6 Qd8 21. Bxb7
Nxa1 22. Nxa8 Nc2 23. Bb2 Qb8 24. Be4 Qxb2 25. Nc7 Be2 26. Rf2 Qc1+ 27. Kg2
Ne1+ 28. Kg1 Nd3+ 29. Kg2 Nxf2 30. Kxf2 Qf1# 0-1

[Event "Tournoi Skype 021B"]
[Site "Skype"]
[Date "????.??.??"]
[Round "1.18"]
[White "Escudero Ocana, Francisco"]
[Black "Alverson, Ginny"]
[Result "0-1"]
[WhiteElo "1385"]
[BlackElo "1086"]
[PlyCount "88"]

1. e4 c5 2. Nf3 a6 3. c3 d6 4. d4 Nc6 5. Bc4 Bg4 6. h3 Bd7 7. Ng5 e6 8. d5 exd5
9. Bxd5 Ne5 10. Bxb7 Ra7 11. Bd5 Ne7 12. Qf3 Nxf3+ 13. gxf3 Nxd5 14. exd5 Qe7+
15. Ne4 Qh4 16. Be3 Bxh3 17. b4 Re7 18. Nxd6+ Kd7 19. Ne4 Rxe4 20. fxe4 Qxe4
21. Rxh3 Qg2 22. Rg3 Qh1+ 23. Ke2 Qh5+ 24. Kf1 Qxd5 25. bxc5 Qd1+ 26. Kg2 Qd5+
27. Rf3 Bxc5 28. Bxc5 Qxc5 29. Rxf7+ Ke8 30. Rxg7 Qd5+ 31. f3 h5 32. Rg3 h4 33.
Rh3 Qg5+ 34. Kf2 Rg8 35. Ke1 Qg1+ 36. Ke2 Qg2+ 37. Kd3 Qxh3 38. Nd2 Qf5+ 39.
Ne4 Qxf3+ 40. Kd4 h3 41. Re1 Rg4 42. Kc4 h2 43. Kc5 h1=Q 44. Ng5+ Qxe1 0-1

[Event "Tournoi Skype 021B"]
[Site "Skype"]
[Date "????.??.??"]
[Round "1.19"]
[White "Bustos, Ricardo"]
[Black "Levantini, Claudio"]
[Result "0-1"]
[WhiteElo "1319"]
[BlackElo "1384"]
[PlyCount "88"]

1. d4 d5 2. Bf4 Nf6 3. e3 Bf5 4. Nf3 e6 5. h3 Nbd7 6. Nbd2 h6 7. Be2 Be7 8. O-O
O-O 9. c4 dxc4 10. Nxc4 Nb6 11. Ncd2 Bd6 12. Ne5 Nfd7 13. Ndf3 Nxe5 14. dxe5
Be7 15. Qb3 c6 16. Rfd1 Qc7 17. Bd3 Bxd3 18. Qxd3 Nd5 19. Bh2 Rad8 20. Qb3 Rd7
21. e4 Nb6 22. Rxd7 Nxd7 23. Rd1 Rd8 24. Nd4 Nc5 25. Qc2 Qb6 26. Kh1 Nxe4 27.
Qxe4 c5 28. Bg1 Rxd4 29. Rxd4 cxd4 30. b3 Qd8 31. Qd3 Bc5 32. f4 a5 33. f5 exf5
34. Qxf5 b6 35. e6 fxe6 36. Qxe6+ Kh8 37. Qc4 d3 38. Qc1 d2 39. Qd1 Qd3 40.
Bxc5 bxc5 41. Kg1 a4 42. bxa4 c4 43. a5 c3 44. a6 Qxa6 0-1

[Event "Tournoi Skype 021B"]
[Site "Skype"]
[Date "????.??.??"]
[Round "1.20"]
[White "K, Muthuraman"]
[Black "Tekes, Gamze"]
[Result "1-0"]
[WhiteElo "1379"]
[BlackElo "1055"]
[PlyCount "79"]

1. b3 e5 2. Bb2 Nc6 3. e3 d5 4. Bb5 Bd7 5. Bxc6 bxc6 6. Bxe5 Qe7 7. Nf3 f6 8.
Bb2 O-O-O 9. d4 h5 10. Nc3 g6 11. Qd3 Bf5 12. Qa6+ Kd7 13. O-O-O Bh6 14. Nh4
Qg7 15. Nxf5 gxf5 16. g3 Ne7 17. Na4 f4 18. Nc5+ Ke8 19. Ne6 Qg6 20. Nxd8 Kxd8
21. exf4 Nf5 22. Qxc6 Bf8 23. Qa8+ Kd7 24. Qxd5+ Bd6 25. Rhe1 c6 26. Qe6+ Kc7
27. d5 cxd5 28. Rxd5 Bb4 29. Qd7+ Kb8 30. Qb5+ Ka8 31. Qxb4 Rb8 32. Rb5 Qg8 33.
Rxb8+ Qxb8 34. Qxb8+ Kxb8 35. Bxf6 Nd6 36. Be5 Kc7 37. Bxd6+ Kxd6 38. f5 a5 39.
f6 Kc5 40. f7 1-0

[Event "Tournoi Skype 021B"]
[Site "Skype"]
[Date "????.??.??"]
[Round "1.22"]
[White "Briere, Jean"]
[Black "Almiron, Patricia"]
[Result "1-0"]
[WhiteElo "1370"]
[BlackElo "1000"]
[PlyCount "73"]

1. e4 e5 2. Nf3 Nf6 3. Nxe5 Qe7 4. Nf3 d5 5. Be2 dxe4 6. Nd4 a6 7. O-O Qd7 8.
Nb3 Bd6 9. d3 Ng4 10. Bxg4 Qxg4 11. Qxg4 Bxg4 12. dxe4 O-O 13. Nc3 Nd7 14. Re1
Rfe8 15. Bd2 Re5 16. Bf4 Re6 17. Bxd6 cxd6 18. Nd5 Rc8 19. Nd4 Re5 20. Rac1 Rc4
21. c3 f5 22. Ne3 Rxe4 23. Nxc4 Nc5 24. Nxd6 Nd3 25. Nxe4 Nxc1 26. Nd6 Bh5 27.
Rxc1 h6 28. N4xf5 Kh7 29. Re1 Kg6 30. Re7 Kf6 31. Rxb7 Ke6 32. c4 Bg6 33. Re7+
Kf6 34. c5 Bxf5 35. Nxf5 Kxf5 36. Re3 g5 37. c6 1-0

[Event "Tournoi Skype 021B"]
[Site "Skype"]
[Date "????.??.??"]
[Round "1.23"]
[White "Berbedes, Jorgelina"]
[Black "Marino, Giuseppe"]
[Result "0-1"]
[WhiteElo "1000"]
[BlackElo "1358"]
[PlyCount "60"]

1. e4 e5 2. Nf3 d6 3. Nc3 c6 4. d4 exd4 5. Nxd4 Nf6 6. Bc4 Be7 7. O-O O-O 8.
Re1 Re8 9. Re3 Bf8 10. Nf3 h6 11. Qd2 Ng4 12. Rd3 Ne5 13. Rd4 Nxf3+ 14. gxf3
Qf6 15. f4 Nd7 16. Kf1 Nb6 17. Bb3 Be6 18. Bxe6 Qxe6 19. Qe3 c5 20. Rd1 Qc4+
21. Qe2 Qxe2+ 22. Kxe2 Na4 23. Nxa4 Rxe4+ 24. Be3 Rxa4 25. h3 Re8 26. Kf3 Rae4
27. Rd2 R4e6 28. Rg1 b6 29. f5 Rf6 30. Re2 Rxf5+ 0-1

[Event "Tournoi Skype 021B"]
[Site "Skype"]
[Date "????.??.??"]
[Round "1.24"]
[White "Vello, Pablo"]
[Black "Borkar, Sagar"]
[Result "1-0"]
[WhiteElo "1349"]
[BlackElo "1000"]
[PlyCount "129"]

1. d4 d6 2. Bf4 g6 3. c4 Nc6 4. e4 e5 5. dxe5 g5 6. Bg3 Nxe5 7. Bxe5 dxe5 8.
Qxd8+ Kxd8 9. Nf3 f6 10. h4 g4 11. Nfd2 Be6 12. Nc3 Kc8 13. O-O-O Bc5 14. f3
gxf3 15. gxf3 Ne7 16. Bh3 f5 17. exf5 Nxf5 18. Bxf5 Bxf5 19. Nce4 Be3 20. Kc2
Rd8 21. Rh2 Bf4 22. Rg2 Be6 23. b3 Bh3 24. Rgg1 Be6 25. Nf6 Be3 26. Rge1 Bf4
27. Nde4 Rxd1 28. Rxd1 h6 29. Rg1 Be3 30. Rg7 Kb8 31. Nd7+ Bxd7 32. Rxd7 b6 33.
Nf6 Bf2 34. h5 Kb7 35. Nd5 Rc8 36. Kd3 Kb8 37. Ke4 Bg3 38. Kf5 c6 39. Nf6 Rf8
40. Kg6 Bf4 41. Rf7 Rxf7 42. Kxf7 b5 43. cxb5 cxb5 44. Kg6 Kc7 45. Ng8 a5 46.
Nxh6 Bxh6 47. Kxh6 a4 48. b4 e4 49. fxe4 Kd6 50. Kg6 a3 51. h6 Ke5 52. h7 Kxe4
53. h8=Q Ke3 54. Qc3+ Kf4 55. Kf6 Ke4 56. Ke6 Kf4 57. Qe5+ Kf3 58. Kf5 Kf2 59.
Kf4 Kg2 60. Kg4 Kf2 61. Qe4 Kg1 62. Kg3 Kf1 63. Qc2 Ke1 64. Kf3 Kf1 65. Qf2#
1-0

[Event "Tournoi Skype 021B"]
[Site "Skype"]
[Date "????.??.??"]
[Round "1.25"]
[White "Cayo, Ana Carolina"]
[Black "Khatanhar, Mohit"]
[Result "1/2-1/2"]
[WhiteElo "1000"]
[BlackElo "1343"]
[PlyCount "60"]

1. d4 d5 2. Bf4 e6 3. e3 Bd6 4. Nf3 h6 5. Bd3 Nf6 6. c3 O-O 7. Nbd2 c5 8. c4 b6
9. cxd5 Nxd5 10. Bxd6 Qxd6 11. e4 Nf4 12. Nc4 Nxd3+ 13. Qxd3 Qe7 14. O-O Ba6
15. Rac1 Nd7 16. Rfe1 Bxc4 17. Rxc4 cxd4 18. Rxd4 Rad8 19. Rd1 Nc5 20. Qc2 Rxd4
21. Rxd4 Rd8 22. Qd1 Rxd4 23. Qxd4 Nd7 24. e5 f6 25. exf6 Nxf6 26. Ne5 Qc7 27.
h3 Qe7 28. Nc6 Qf7 29. Nd8 Qe7 30. Nc6 Qf7 1/2-1/2

[Event "Tournoi Skype 021B"]
[Site "Skype"]
[Date "????.??.??"]
[Round "1.26"]
[White "Lemoine, Gerard"]
[Black "Chavarria, Rinat"]
[Result "1-0"]
[WhiteElo "1330"]
[BlackElo "1000"]
[PlyCount "81"]

1. d4 d5 2. c4 e5 3. Nc3 c6 4. Nf3 Bd6 5. Bg5 Qc7 6. c5 Be7 7. e3 h6 8. Bxe7
Qxe7 9. Nxe5 Be6 10. Bd3 Qg5 11. Nf3 Qg6 12. Bxg6 fxg6 13. Ne5 Nf6 14. Nxg6 Rg8
15. Nf4 Bg4 16. Qc2 g6 17. Nxg6 Nbd7 18. Ne5 O-O-O 19. Nf7 Rde8 20. Nxh6 Rg5
21. Nf7 Bf5 22. Nd6+ Kd8 23. Nxb7+ Kc7 24. Qb3 Rb8 25. f4 Rxg2 26. O-O-O Ng4
27. Rdg1 Nxe3 28. Nd1 Rc2+ 29. Qxc2 Nxc2 30. Nd6 Bd3 31. Kd2 Ba6 32. Kxc2 Nf6
33. Rg7+ Kd8 34. Nf2 Rb4 35. Kc3 Nd7 36. Kxb4 Bb5 37. Re1 Kc7 38. Ne8+ Kc8 39.
Ree7 Kd8 40. Nd6 Ba6 41. Rxd7# 1-0

[Event "Tournoi Skype 021B"]
[Site "Skype"]
[Date "????.??.??"]
[Round "1.27"]
[White "Chothe, Siddhant"]
[Black "Ramirez Reina, Orlando"]
[Result "0-1"]
[WhiteElo "1000"]
[BlackElo "1320"]
[PlyCount "92"]

1. e4 e5 2. Nf3 Nc6 3. Bc4 Nf6 4. Ng5 d5 5. exd5 Na5 6. Bb5+ Bd7 7. c4 Bxb5 8.
cxb5 Qxd5 9. O-O Qxb5 10. Nc3 Qd7 11. Qa4 Qxa4 12. Nxa4 Bd6 13. b3 O-O 14. Bb2
Rfe8 15. d3 b5 16. Nc3 a6 17. Nce4 h6 18. Nxd6 cxd6 19. Bc3 Nb7 20. Ne4 Nd5 21.
Bd2 Rac8 22. Rac1 a5 23. Rxc8 Rxc8 24. g3 f5 25. f4 fxe4 26. dxe4 Nf6 27. f5
Nxe4 28. Be3 Rc2 29. Ra1 d5 30. Kf1 d4 31. Bg1 Nbd6 32. Ke1 Nxf5 33. Kd1 Rc8
34. Ke2 Nc3+ 35. Kd2 Nd6 36. Kd3 Nde4 37. Rc1 b4 38. Re1 Rf8 39. Rxe4 Nxe4 40.
Kxe4 Rf1 41. Bxd4 exd4 42. Kxd4 Rc1 43. h4 g5 44. hxg5 hxg5 45. g4 Kf7 46. Ke5
Kg6 0-1

[Event "Tournoi Skype 021B"]
[Site "Skype"]
[Date "????.??.??"]
[Round "1.28"]
[White "Kazma, Erhan"]
[Black "Bhandari, Dattatrey"]
[Result "1-0"]
[WhiteElo "1000"]
[BlackElo "1316"]
[PlyCount "61"]

1. e4 c5 2. Nf3 g6 3. c3 Bg7 4. d4 Nf6 5. e5 Nd5 6. dxc5 e6 7. Bc4 Qc7 8. Bxd5
Qxc5 9. Be3 Qxd5 10. Qxd5 exd5 11. O-O O-O 12. Rd1 Nc6 13. Rxd5 Re8 14. Bd4 Ne7
15. Rc5 b6 16. Rb5 Nf5 17. Ng5 d6 18. f4 dxe5 19. Bxe5 Bxe5 20. fxe5 Ne3 21.
Nd2 Bd7 22. e6 fxe6 23. Re5 Nd5 24. Nde4 Rf8 25. Rf1 Rxf1+ 26. Kxf1 Ne3+ 27.
Kg1 Rf8 28. Nf3 Ng4 29. Rg5 e5 30. Nxe5 Rf1+ 31. Kxf1 1-0

[Event "Tournoi Skype 021B"]
[Site "Skype"]
[Date "????.??.??"]
[Round "1.29"]
[White "Bouffard, Georges"]
[Black "Lawton, Tony"]
[Result "1-0"]
[WhiteElo "1314"]
[BlackElo "1000"]
[PlyCount "91"]

1. d4 e6 2. e4 d5 3. e5 c5 4. Nf3 Nc6 5. Be3 a6 6. c3 Be7 7. h4 f6 8. g3 Bd7 9.
Bh3 Na5 10. O-O f5 11. Bf4 Rc8 12. Qd2 cxd4 13. Nxd4 Bc5 14. b4 Nc4 15. Qd1 Ba7
16. Bg5 Ne7 17. Nxe6 Bxe6 18. Qh5+ Bf7 19. Qf3 Rf8 20. Bxf5 Be6 21. g4 h6 22.
Bg6+ Kd7 23. Bf6 Nxe5 24. Qg3 N5xg6 25. g5 Rf7 26. h5 Qf8 27. Nd2 Nf5 28. Qf3
Nfh4 29. Qe2 Nf4 30. Qe5 Re8 31. c4 gxf6 32. Qxf4 fxg5 33. Qg3 Bh3 34. c5 Bxf1
35. Kxf1 Qe7 36. Qg4+ Kc6 37. f3 Qe2+ 38. Kg1 Rxf3 39. Nxf3 Nxf3+ 40. Kh1 Nh4
41. Qxe2 Rxe2 42. b5+ Kxb5 43. Rb1+ Kc6 44. Rf1 Re6 45. Rf8 Bxc5 46. Rc8+ 1-0

[Event "Tournoi Skype 021B"]
[Site "Skype"]
[Date "????.??.??"]
[Round "1.30"]
[White "Le Bouill, Pierre"]
[Black "Farfallini, Michel"]
[Result "1/2-1/2"]
[WhiteElo "1000"]
[BlackElo "1305"]
[PlyCount "70"]

1. e4 e5 2. Bc4 Nf6 3. d3 Bc5 4. h3 O-O 5. Nf3 Nc6 6. Nc3 Bb4 7. Bd2 Re8 8. O-O
Bxc3 9. Bxc3 d5 10. exd5 Nxd5 11. Bxd5 Qxd5 12. Re1 Qd6 13. d4 e4 14. Ne5 Nxe5
15. dxe5 Qg6 16. Qe2 Bxh3 17. Qxe4 Qxe4 18. Rxe4 Bf5 19. Re2 f6 20. Rae1 Rad8
21. exf6 Rxe2 22. Rxe2 Rd1+ 23. Kh2 g6 24. Be5 Rc1 25. Bxc7 Rxc2 26. Rxc2 Bxc2
27. Be5 Bb1 28. a3 Ba2 29. g3 Bb3 30. f4 Be6 31. Kg2 h5 32. b4 b5 33. Bd4 a6
34. Be5 Kf7 35. Kf2 Ke8 1/2-1/2

[Event "Tournoi Skype 021B"]
[Site "Skype"]
[Date "????.??.??"]
[Round "1.31"]
[White "Yanez, Leticia Jorgelina"]
[Black "Martin, Elise"]
[Result "1-0"]
[WhiteElo "1300"]
[BlackElo "1000"]
[PlyCount "29"]

1. e4 e5 2. Bc4 d6 3. Nf3 Nf6 4. d4 Nxe4 5. Bxf7+ Kxf7 6. dxe5 Qe7 7. Qd5+ Ke8
8. Qxe4 dxe5 9. O-O g6 10. Nc3 Bg7 11. Nd5 Qd7 12. Nxe5 Bxe5 13. Qxe5+ Kd8 14.
Bg5+ Qe7 15. Qxe7# 1-0

[Event "Tournoi Skype 021B"]
[Site "Skype"]
[Date "????.??.??"]
[Round "1.32"]
[White "Marty, Yvette"]
[Black "Guillaume, Mickael"]
[Result "0-1"]
[WhiteElo "1000"]
[BlackElo "1295"]
[PlyCount "54"]

1. e4 e5 2. Nf3 d6 3. d4 Nf6 4. Bc4 h6 5. Nbd2 Nc6 6. d5 Nd4 7. Nxd4 exd4 8.
Nb3 Nxe4 9. O-O Qf6 10. Nxd4 Be7 11. Qd3 Nc5 12. Qe3 O-O 13. Nb5 Bd8 14. Nc3
Bd7 15. b3 Qxc3 16. Qxc3 Re8 17. Qg3 Bf6 18. Bxh6 g6 19. b4 Bxa1 20. Rxa1 Ne4
21. Qh4 Re5 22. Bg5 Nxg5 23. Qh6 Rae8 24. Bd3 Ne4 25. Re1 Rxd5 26. Bxe4 Rxe4
27. Rxe4 Rd1+ 0-1

[Event "Tournoi Skype 021B"]
[Site "Skype"]
[Date "????.??.??"]
[Round "1.34"]
[White "Mimouni, Driss"]
[Black "Battaglia, Gabriele"]
[Result "0-1"]
[WhiteElo "1000"]
[BlackElo "1284"]
[PlyCount "80"]

1. e4 e5 2. c4 Nf6 3. Nc3 Bb4 4. Nb5 Nxe4 5. Qf3 Nf6 6. a3 Bc5 7. d4 exd4 8.
Bf4 Qe7+ 9. Be2 O-O 10. Qg3 Re8 11. Nh3 d6 12. O-O Qxe2 13. Bh6 Qg4 14. Qxg4
Nxg4 15. Bf4 Na6 16. Rae1 Ne5 17. Nxc7 Nxc7 18. b4 Bxh3 19. gxh3 Bb6 20. Bxe5
dxe5 21. Rc1 Ne6 22. c5 Bc7 23. c6 b6 24. Rfe1 Ng5 25. Kg2 Rad8 26. a4 d3 27.
Red1 e4 28. a5 e3 29. fxe3 Rxe3 30. a6 d2 31. Rxd2 Rxd2+ 32. Kf1 Bxh2 33. c7
Bxc7 34. Rxc7 Rd1+ 35. Kf2 Ne6 36. Rc8+ Nf8 37. Rxf8+ Kxf8 38. Kxe3 Rb1 39. Kd2
Rxb4 40. Kc3 Rh4 0-1